Využívanie CAX systémov v príprave výroby v letectve

Návrch a výroba tvárových súčiastok v spotrebnom, leteckom priemysle silne podporovaná 3D CAD systémami, ktoré umožňujú vytváranie 3D objemových a povrchových modelov. Technologická príprava výroby. Základné prístupy k tvorbe 3D modelov. Realizácia súčiastky v dvoch etapách.

Salvato in:
Dettagli Bibliografici
Autore principale: Daneshjo, Naqibullah, 1964-
Altri autori: Korba, Peter, Stratyinski, Cristian Dan, Kohla, Andreas
Natura: Capitolo di libro
Lingua:slovacco
Soggetti:
Tags: Aggiungi Tag
Nessun Tag, puoi essere il primo ad aggiungerne!!

MARC

LEADER 00000naa a2200000 4500
001 0270283
005 20240502074232.0
041 0 |a slo 
044 |a SK 
245 1 0 |a Využívanie CAX systémov v príprave výroby v letectve  |c Naqibullah Daneshjo, Peter Korba, Cristian Dan Stratyinski, Andreas Kohla 
520 |a Návrch a výroba tvárových súčiastok v spotrebnom, leteckom priemysle silne podporovaná 3D CAD systémami, ktoré umožňujú vytváranie 3D objemových a povrchových modelov. Technologická príprava výroby. Základné prístupy k tvorbe 3D modelov. Realizácia súčiastky v dvoch etapách. 
610 2 0 |a priemysel spotrebný 
610 2 0 |a priemysel letecký 
610 2 0 |a súčiastky 
610 2 0 |a modelovanie 
610 2 0 |a systém 
100 1 |a Daneshjo, Naqibullah, 1964- 
700 1 |a Korba, Peter 
700 1 |a Stratyinski, Cristian Dan 
700 1 |a Kohla, Andreas